000
00451nam a2200181Ia 4500
008
100917s9999 xx 000 0 und d
082
_b
751
100
_a
गोगटे शिवराम विनायक
245
_a
वीरसेन
260
_b
---
_c
1894
300
_a
145
365
_b
0.75
520
_a
नाटक
630
_a
वीरसेन
650
_a
नाटक
730
_a
वीरसेन
942
_c
BOOK
999
_c
606145
_d
606142